000 01413cad a22002055a 4500
001 L154219
008 111102s2011 xxk f 000 0 eng d
035 _a(Sirsi) u154219
041 0 _aeng
110 2 _aUnited Kingdom
_bDepartment of Energy and Climate Change
_95850
245 0 0 _aFeed-in tariffs scheme
_bconsultation on comprehensive review phase 1, tariffs for solar PV
_h[electronic resource]
260 _a[S.l.]
_bDECC
_c2011
520 _aConsultation invites comments on the Government's proposals for the tariff levels available for renewable electricity generation from solar PV installations of 250KW or below under the Feed-in Tarrifs Scheme (FITS). Returns available to new generators are higher than expected and as this is not sustainable proposes reducing the tarrifs for solar PV to to a level consistent with providing a reasonable rate of return. Also proposed is prioritising energy efficiency by linking PV tariffs to specified minimum energy efficiency requirements from 1 April 2012. The consultion closes on the 23 December 2011.
590 _aKA NTK
651 4 _aEngland and Wales
_y1543-
651 4 _aScotland
_y1999-
690 _aENVIRONMENTAL AND LAND CONSULTANCY-ENERGY-RENEWABLE ENERGY
856 4 0 _uhttps://www.decc.gov.uk/assets/decc/11/consultation/fits-comp-review-p1/3364-fits-scheme-consultation-doc.pdf
_zView the item free of charge at www.decc.gov.uk
942 _n0
999 _c112888
_d112888